000
00488nam a2200145Ia 4500
008
151213s9999 xx 000 0 und d
100
_a
অনিক মাহমুদ।
245
_a
দীর্ঘদংশন নীল জ্বালা।
_c
অনিক মাহমুদ।
260
_a
ঢাকা
_b
পরী প্রকাশ।
_c
2007
300
_a
8639 p.
650
_a
Bangla
650
_a
গল্প।
700
_a
অনিক মাহমুদ।
999
_c
4426
_d
4426